000 00261nam a22001097a 4500
003 OSt
005 20250901165807.0
008 250320b |||||||| |||| 00| 0 eng d
040 _cF
245 _aThe Sad Artist and Other Fairytales
_cWAHOME NDIRITU
942 _2lcc
_cBK
999 _c9309
_d9309